Statistics for USA World Championship Gymnastics Teams

Click here to take the quiz!

General Stats

  • This quiz has been taken 1,539 times
    (268 since last reset)
  • The average score is 93 of 234

Answer Stats

YearAnswer% Correct
| 2013 | 2015 | +2 othersSimone Biles
99%
Gabrielle Douglas
91%
Aly Raisman
88%
Shawn Johnson
88%
Nastia Liukin
86%
McKayla Maroney
85%
Kyla Ross
85%
Morgan Hurd
84%
AlternateMyKayla Skinner
83%
MyKayla Skinner
82%
AlternateMykayla Skinner
82%
2017 | AlternateRagan Smith
80%
Jordyn Wieber
79%
Sabrina Mar
78%
Madison Kocian
78%
2011Gabrielle Douglas
75%
AlternateAnna Li
73%
Chellsie Memmel
73%
| 1992 | 1993Dominique Dawes
73%
Alicia Sacramone
73%
Sunisa Lee
73%
Jade Carey
73%
Alexandra Raisman
72%
Kathy Johnson
72%
Maggie Nichols
71%
Brandy Johnson
71%
AlternateJacquelyn Johnson
69%
Ashton Locklear
68%
Carly Patterson
67%
Grace McCallum
66%
Shannon Miller
65%
2009 | 2010Rebecca Bross
65%
Kerri Strug
64%
RIley McCusker
63%
Kara Eaker
62%
Bridget Sloan
61%
Dominique Moceanu
58%
AlternatesBrenna Dowell
55%
| 1996Amy Chow
54%
Brenna Dowell
54%
Samantha Peszek
53%
Kim Zmeskal
51%
Courtney Kupets
49%
1994 | AlternateAmanda Borden
48%
Sabrina Vega
47%
Mattie Larson
46%
| 2007Ivana Hong
45%
2014Alyssa Baumann
43%
AlternateJordan Chiles
43%
Jaycie Phelps
43%
Elizabeth Price
42%
2005 | 2006Jana Bieger
41%
Betty Okino
40%
Kayla Williams
40%
Kristen Maloney
40%
Vanessa Atler
40%
Elise Ray
39%
Shayla Worley
39%
Phoebe Mills
38%
| 2001Mohini Bhardwaj
37%
Mackenzie Caquatto
37%
Morgan White
35%
2002 | 2003Terin Humphrey
34%
Madison Desch
34%
Tasha Schwikert
33%
Annia Hatch
33%
Jamie Dantzscher
32%
| AlternatesAshley Postell
32%
Hollie Vise
32%
Cathy Rigby
30%
Tracee Talavera
30%
Kristie Phillips
30%
Natasha Kelley
30%
AlternateChelsea Davis
28%
Julianne McNamara
28%
Kim Kelly
27%
Kelly Garrison
27%
Ashley Priess
27%
Muriel Davis
26%
Doni Thompson
26%
Jennie Thompson
26%
AlternateKytra Hunter
25%
Jennifer Sey
25%
1987Rhonda Faehn
24%
Kristy Powell
23%
Tabitha Yim
23%
1989Wendy Bruce
23%
1997Kendall Beck
22%
Melissa Marlowe
22%
Chelle Stack
22%
Christy Henrich
22%
Ashley Miles
22%
1999 | AlternateJeanette Antolin
21%
Samantha Sheehan
21%
Rachel Tidd
19%
Larissa Fontaine
19%
Marie Roethlisberger
19%
Marcia Frederick
18%
Hilary Grivich
18%
Katie Heenan
18%
1991Michelle Campi
17%
Larissa Fontaine
16%
1983 | 1985Pam Bileck
16%
| AlternatesSandy Woolsey
15%
| 1962Doris Fuchs
14%
1978 | 1979Christa Canary
14%
Theresa Kulikowski
14%
1995Mary Beth Arnold
13%
Elisabeth Crandall
13%
Tracey Calore
12%
Donna Turnbow
12%
Tanya Service
12%
AlternateAndree Pickens
12%
AlternatesDana Filetti
12%
Natalie Foley
12%
AlternatesMichelle Dusserre
11%
Joan Moore
11%
| AlternatesYolande Mavity
11%
1974Janette Anderson
9%
AlternatesHeidi Anderson
9%
Donna Schanezer
9%
Amy Koopman
8%
Kim Chace
7%
Rhonda Schwandt
7%
Leslie Russo
7%
Kathy Howard
6%
AlternatesLinda Metheny
6%
Sheryl Dundas
5%
Roxanne Pierce
4%
1981Michelle Goodwin
4%
Gina Stallone
4%
AlternatesShari Mann
4%
Nancy Thies
4%
AlternatesJenny Ester
4%
1966Debbie Bailey
4%
Marie Walther
4%
Leslie Pyfer
4%
Joyce Tanac
3%
Kathy Gleason
3%
Wendy Cluff
3%
Lisa Wittwer
3%
Debbie Fike
3%
Ann Carr
3%
Diane Dunbar
3%
AlternateStacey Gunthorpe
3%
Lisa Zeis
3%
Avis Tieber
2%
AlternateJudy Klauser
2%
Yumi Mordre
2%
Dale McClements
2%
AlternatesJanet Cantwell
2%
Linda Kardos
2%
Suzy Kellams
2%
AlternateMerilyn Chapman
2%
1970Cleo Carver
2%
AlternatesBarbara Myslak
2%
Adele Gleaves
2%
Carolyn Hacker
2%
Gail Sontegrath
1%
Betty Maycock
1%

Score Distribution

Percentile by Number Answered

Percent of People with Each Score

Your Score History

You have not taken this quiz since the last reset